| 000 -LEADER |
| fixed length control field |
00445nam a2200145Ia 4500 |
| 008 - FIXED-LENGTH DATA ELEMENTS--GENERAL INFORMATION |
| fixed length control field |
180802s9999||||xx |||||||||||||| ||und|| |
| 020 ## - INTERNATIONAL STANDARD BOOK NUMBER |
| International Standard Book Number |
9780517886021 |
| 082 ## - DEWEY DECIMAL CLASSIFICATION NUMBER |
| Classification number |
025.431 |
| Item number |
LAY/A |
| 100 ## - MAIN ENTRY--PERSONAL NAME |
| Personal name |
Laybourne, Kit |
| 245 #4 - TITLE STATEMENT |
| Title |
The Animation Book: A Complete Guide to Animated Filmmaking- From Flip-Books to Sound Cartoons to 3-D Animation |
| 250 ## - EDITION STATEMENT |
| Edition statement |
1st Edition |
| 260 ## - PUBLICATION, DISTRIBUTION, ETC. |
| Place of publication, distribution, etc. |
New yark |
| Name of publisher, distributor, etc. |
Three River Press |
| Date of publication, distribution, etc. |
1998 |
| 300 ## - PHYSICAL DESCRIPTION |
| Extent |
425p. |
| 942 ## - ADDED ENTRY ELEMENTS (KOHA) |
| Koha item type |
Book |